Beyond economic frictions : Diagnosis and prescriptions (outlines)
Saved in:
| Format: | Book |
|---|---|
| Language: | Undetermined |
| Published: |
The Study Group for Trans- Boder Policy and Administratiom
1982
|
| Subjects: | |
| Tags: |
Add Tag
No Tags, Be the first to tag this record!
|
| Institutions: | Trung tâm Học liệu Trường Đại học Cần Thơ |
|---|
| LEADER | 00471nam a2200157Ia 4500 | ||
|---|---|---|---|
| 001 | CTU_96799 | ||
| 008 | 210402s9999 xx 000 0 und d | ||
| 082 | |a 330.2 | ||
| 082 | |b B573 | ||
| 245 | 0 | |a Beyond economic frictions : | |
| 245 | 0 | |b Diagnosis and prescriptions (outlines) | |
| 260 | |b The Study Group for Trans- Boder Policy and Administratiom | ||
| 260 | |c 1982 | ||
| 650 | |a Economics | ||
| 904 | |i M.Loan | ||
| 980 | |a Trung tâm Học liệu Trường Đại học Cần Thơ | ||